Cyrylica - prawda czy fałsz? - Statystyki

Ogólne statystyki
  • Ten quiz został rozwiązany 84 razy
  • Średni wynik to 11 z 15
Statystyki odpowiedzi
Zagadnienie Odpowiedź % Poprawnych
W UE jest przynajmniej jedno państwo, które korzysta z cyrylicy Prawda
92%
W każdym państwie litery cyrylicy czyta się tak samo Fałsz
90%
Р w cyrylicy czyta się jako R Prawda
90%
W przeszłości Mołdawia stosowała cyrylicę Prawda
86%
Język gruziński jest zapisywany cyrylicą Fałsz
78%
Я w cyrylicy jest czytane jako Ja. Możemy użyć tej jednej litery do opisania 1. os. l. poj. Prawda
78%
Poza Europą i Azją jest jakieś państwo, które posługuje się cyrylicą Fałsz
77%
Cyrylica zastąpiła i wyparła głagolicę Prawda
77%
Aby uzyskać literę ć, trzeba do litery t dodać znak miękki Prawda
75%
Rosyjska cyrylica ma więcej liter, niż język polski (znaki miękki i twardy też są zaliczane jako litery) Prawda
67%
Cyrylica jest używana jako alfabet urzędowy tylko w krajach w większości prawosławnych Fałsz
58%
Cyrylica powstała w XII wieku Fałsz
53%
Ponad 500 milionów ludzi posługuje się cyrylicą jako swoim alfabetem ojczystym Fałsz
49%
Pierwsze ślady użycia cyrylicy pochodzą z terenów dzisiejszej zachodniej Rosji i wschodniej Białorusi Fałsz
46%
Musisz znać cyrylicę, jeśli chcesz otrzymać obywatelstwo Serbii Fałsz
46%
Nie znaleziono quizów pasujących do podanych kryteriów
Rozkład punktacji
Procent ludzi z każdym wynikiem
Percentyl według liczby udzielonych odpowiedzi
Twoja historia wyników
Nie rozwiązałeś tego quizu